000 00285nam a22001337a 4500
008 181023b xxu||||| |||| 00| 0 eng d
020 _a9780465044283
041 _aeng
080 _a620
100 _a27
101 _aMEK
245 _aHacking Matter
_cCarthy,W.M
942 _2udc
_cBK
999 _c50610
_d50610